|
|
|
|
| LEADER |
00998nam a22002537a 4500 |
| 001 |
41783 |
| 003 |
BD-DhAAL |
| 005 |
20231001120926.0 |
| 008 |
231001t1970 enka|||| b||| 001 0 eng d |
| 020 |
|
|
|a 416137407 (HB)
|
| 020 |
|
|
|a 416137504 (PB)
|
| 040 |
|
|
|a BD-DhAAL
|d BD-DhAAL
|
| 082 |
|
|
|a 370.15
|2 21
|
| 100 |
|
|
|a Stones, E.
|9 55628
|
| 245 |
|
|
|a Readings in educational psychology :
|b learning and teaching /
|c by E. Stones.
|
| 260 |
|
|
|a London :
|b Methuen,
|c 1970.
|
| 300 |
|
|
|a x, 478 pages :
|b illustrations ;
|c 22 cm.
|
| 500 |
|
|
|a "Distributed in the USA by Barnes & Noble Inc."
|
| 504 |
|
|
|a Includes bibliographical references and index.
|
| 650 |
|
|
|a Educational psychology.
|
| 650 |
|
|
|a Teaching
|x Psychological aspects.
|9 39378
|
| 942 |
|
|
|2 ddc
|c BK
|
| 999 |
|
|
|c 46190
|d 46190
|
| 952 |
|
|
|0 0
|1 0
|2 ddc
|4 0
|6 370_150000000000000_STO
|7 0
|9 74488
|a BRACUL
|b BRACUL
|c GEN
|d 2023-10-01
|e Complimentary copy from BIED
|l 0
|o 370.15 STO
|p 3010041783
|r 2023-10-01
|t 1
|w 2023-10-01
|y BK
|x Transferred from BIED to General Stacks
|